| 000 | 00747nam a2200205 4500 | ||
|---|---|---|---|
| 005 | 20240530110540.0 | ||
| 008 | 160507s2012 ua ||||f b|||f00| 0 a d | ||
| 020 | _a9789774219918 | ||
| 040 | _aEG-CaGPL | ||
| 082 | 0 | 4 |
_a962.39 _bق/ا س _221 |
| 100 | 0 | _aابراهيم امين غالى | |
| 245 | 1 | 0 |
_aسيناء المصرية عبر التاريخ / _cابراهيم امين غالى. |
| 260 |
_aالقاهرة : _bالهيئة المصرية العامة للكتاب، _c2012. |
||
| 300 |
_a434 ص. ؛ _c24 سم. |
||
| 504 | _aببليوجرافية ص. : 417-428. | ||
| 651 | 0 | 4 |
_aسيناء _xتاريخ |
| 651 | 0 | 4 |
_aسيناء _xالعادات والتقاليد |
| 942 |
_2ddc _cBK |
||
| 999 |
_c62244 _d62244 |
||